| 000 | 03560nam a2200301 a 4500 | ||
|---|---|---|---|
| 003 | CHAP | ||
| 005 | 20250127095908.0 | ||
| 007 | ta | ||
| 008 | 120611s2008 sp ado fr 00110 spa d | ||
| 020 | _a978-84-8476-355-0 | ||
| 040 |
_cCHAP _amxchpua |
||
| 050 |
_aSB351.L6 _b.R56 2008 |
||
| 082 | 0 |
_a635.52 _bR56 2008 _220 |
|
| 100 | 1 |
_aRincón Sánchez, Luis Fernando _997455 _eautor |
|
| 245 | 1 | 3 |
_aLa fertirrigación de la lechuga / _cLuis Fernando Rincón Sánchez |
| 250 | _a1a edición | ||
| 264 |
_aEspaña : _bMundi-Prensa : _bInstituto Murciano de Investigación y Desarrollo Agrario y Alimentario, _c2008 |
||
| 300 |
_a260 páginas : _bilustraciones, gráficas, diagramas, tablas, fotos |
||
| 504 | _aIncluye bibliografías | ||
| 505 | 0 | _aPrólogo. -- El cultivo de la lechuga. -- Características generales. -- La instalación de fertirrigación. -- El riego de la lechuga. -- Necesidades hídricas y parámetros de riego. -- La nutrición de la lechuga. -- Absorción de nutrientes. -- Absorción de nutrientes por la lechuga. -- Control de la nutrición. -- La fertilización nitrogenada de la lechuga. -- Fertilizantes e inyección de disoluciones nutritivas. -- Programación y práctica de la fertirrigación. -- Apéndices: -- 1: Fertirrigación de las lechugas iceberg y romana. -- 2: Fertirrigación de las lechugas especiales (miniromana tipo Cos, Iollo rosa, Iollo verde, hoja de roble). -- 3: Fertirrigación de la lechuga little gem y otras minilechugas. -- 4: Supuestos prácticos de fertirrigación de la lechuga. | |
| 520 | _aEste libro aborda de forma práctica la fertirrigación de la lechuga sobre suelo, pudiendo aplicarse a cualquier especie hortícola si se dispone de la información básica necesaria. Consta de nueve capítulos en los que se desarrolla el riego y la fertirrigación localizada, conjugando en cada uno de ellos los principios básicos con los de su aplicación práctica. Los cuatro apéndices finales son todos ellos de aplicación eminentemente práctica con supuestos diversos. Cabe destacar el estudio sobre la fertilización nitrogenada y su respuesta por la planta en su absorción en forma nítrica, incidiendo en la necesidad de controlar las sucesivas aportaciones, dadas las consecuencias negativas de su acumulación en la planta y posterior consumo por el hombre, debiendo mejorar la seguridad alimentaria y la posible contaminación medioambiental. En igual sentido, se debe contemplar la posible salinización, modicidad y toxicidad por cloro, sodio y boro. En los anejos se incluyen las cantidades de fertilizantes a incorporar en varias combinaciones de abonos para distintas variedades de lechuga y diferentes ciclos de cultivo, desarrollándose en el último anejo diversos supuestos prácticos de programación de la fertirrigación para todo el ciclo de cultivo, en sistemas de inyección simple y múltiple respectivamente. El libro pretende conseguir dos objetivos principalmente: el primero de ellos el poner a disposición de los técnicos y agricultores la información necesaria para ejecutar una fertirrigación eficaz en relación con el medio ambiente, y el segundo la formación de estudiantes y técnicos en un tema que sin lugar a dudas tendrá que utilizar en su vida profesional. | ||
| 650 | 1 | 3 |
_aAplicación de fertilizantes _xLechuga _9162736 |
| 650 | 1 | 3 |
_aLechuga _xManejo de la irrigación _965464 |
| 650 | 1 | 3 |
_aFertilizer application _xLettuce _9162738 |
| 650 | 1 | 3 |
_aLettuce _xIrrigation management _9186459 |
| 901 | _a635.52 R57 2008 | ||
| 942 |
_cLIBRO _2ddc |
||
| 999 |
_c218558 _d218558 |
||